000 00332nam a22001577a 4500
003 SGT
020 _a978-93-50-25-369-4
082 _a618
_bG11S
100 _aSALHAN,SUDHA
245 _aTEXTBOOK OF GYNECOLOGY
250 _a1ST
260 _aNEW DELHI
_bJAYPEE
_c2011
300 _a674
650 _aAYURVEDA
942 _2ddc
_cBK
_08
999 _c11332
_d11332